[Event "4NCL Division Three Bishops"]
[Site "Telford, ENG"]
[Date "2023.11.19"]
[Round "2.46"]
[White "Ashton, Alannah"]
[Black "Fernando, Manel"]
[Result "1-0"]
[WhiteElo "1721"]
[BlackElo "1507"]
[PlyCount "115"]
[EventDate "2023.11.19"]
[WhiteTeam "She Plays To Win Lionesses"]
[BlackTeam "Brown Jack"]

1. e4 e5 2. Nf3 d6 3. d4 exd4 4. Nxd4 Nf6 5. Nc3 a6 6. f3 Be7 7. Be3 Nbd7 8.
Nf5 O-O 9. Bg5 Ne5 10. Nxe7+ Qxe7 11. Nd5 Qd8 12. Bxf6 gxf6 13. Qd2 c6 14. Ne3
f5 15. O-O-O fxe4 16. fxe4 Qg5 17. Nc4 Qxd2+ 18. Rxd2 Nxc4 19. Bxc4 Rd8 20. Rf1
Be6 21. Bxe6 fxe6 22. Rf6 d5 23. Rxe6 dxe4 24. Rxe4 Rxd2 25. Kxd2 Rd8+ 26. Ke2
Rd7 27. b3 Kg7 28. Rf4 Kg6 29. Rf2 b5 30. Ke3 a5 31. Ke4 Rd5 32. c4 bxc4 33.
bxc4 Rh5 34. g3 a4 35. h4 Ra5 36. g4 a3 37. Rd2 Ra6 38. Rd6+ Kf7 39. Rd7+ Kg6
40. Kd4 h6 41. Kc5 Ra5+ 42. Kxc6 Re5 43. h5+ Kf6 44. Rd6+ Kg7 45. Rd3 Re4 46.
Kb5 Rxg4 47. Rxa3 Rg5+ 48. c5 Rxh5 49. Rf3 Re5 50. Kb6 Re2 51. a3 h5 52. c6
Rb2+ 53. Ka7 Rc2 54. Kb7 Rb2+ 55. Kc8 h4 56. c7 Kg6 57. Rd3 Kf6 58. Kd8 1-0

[Event "4NCL Division Three Bishops"]
[Site "Telford, ENG"]
[Date "2023.11.19"]
[Round "2.51"]
[White "Kanyamarala, Tarun"]
[Black "Hazlehurst, Cory S"]
[Result "1-0"]
[WhiteElo "2312"]
[BlackElo "2124"]
[PlyCount "59"]
[EventDate "2023.11.19"]
[WhiteTeam "Greater Woodpushers"]
[BlackTeam "The MASCeteers"]

1. d4 Nf6 2. Nf3 e6 3. e3 c5 4. Bd3 b6 5. O-O Bb7 6. c4 Be7 7. Nc3 cxd4 8. exd4
d5 9. cxd5 Nxd5 10. Ne5 O-O 11. Qg4 Nf6 12. Qh4 g6 13. Bh6 Re8 14. Bb5 Nfd7 15.
Qf4 f6 16. Ng4 Nc6 17. Bc4 Nf8 18. Bxf8 Rxf8 19. Bxe6+ Kh8 20. Rad1 Bd6 21. Qh6
Ba6 22. Rfe1 Nxd4 23. Rxd4 Bxh2+ 24. Nxh2 Qxd4 25. Rd1 Bd3 26. Nf3 Qd6 27. Bc4
Rfd8 28. Bxd3 Qxd3 29. Rxd3 Rxd3 30. Ne4 1-0

[Event "4NCL Division Three Bishops"]
[Site "Telford, ENG"]
[Date "2023.11.19"]
[Round "2.52"]
[White "Duncan, Patrick C M"]
[Black "Rawlinson, Aidan M"]
[Result "1/2-1/2"]
[WhiteElo "2072"]
[BlackElo "2198"]
[PlyCount "40"]
[EventDate "2023.11.19"]
[WhiteTeam "The MASCeteers"]
[BlackTeam "Greater Woodpushers"]

1. b3 e5 2. Bb2 Nc6 3. e3 Nf6 4. Nf3 e4 5. Nd4 Nxd4 6. Bxd4 d5 7. c4 dxc4 8.
Bxc4 Be7 9. Qc2 O-O 10. O-O Bf5 11. Nc3 Bg6 12. Rac1 Re8 13. Rfd1 Bd6 14. h3 c5
15. Bxf6 Qxf6 16. Nb5 Bb8 17. Be2 Qe5 18. g3 b6 19. d4 exd3 20. Bxd3 a6 1/2-1/2

[Event "4NCL Division Three Bishops"]
[Site "Telford, ENG"]
[Date "2023.11.19"]
[Round "2.53"]
[White "Smith, Alan A"]
[Black "Hurney, Kevin"]
[Result "1-0"]
[WhiteElo "2179"]
[BlackElo "2035"]
[PlyCount "55"]
[EventDate "2023.11.19"]
[WhiteTeam "Greater Woodpushers"]
[BlackTeam "The MASCeteers"]

1. e4 g6 2. d4 Bg7 3. Nc3 d6 4. Be3 c6 5. Qd2 Qa5 6. h3 Nd7 7. Nf3 b5 8. Bd3 b4
9. Ne2 Ngf6 10. O-O c5 11. e5 dxe5 12. dxe5 Nd5 13. Bh6 Bxh6 14. Qxh6 Ba6 15.
e6 fxe6 16. Bxg6+ Kd8 17. Rfe1 Kc7 18. Be4 N7f6 19. Nf4 Nxe4 20. Rxe4 Rae8 21.
Nxe6+ Kb8 22. Re5 Bb7 23. Rd1 Rhg8 24. Rexd5 Bxd5 25. Qf4+ Ka8 26. Rxd5 Rc8 27.
Rd7 Qa4 28. Ne5 1-0

[Event "4NCL Division Three Bishops"]
[Site "Telford, ENG"]
[Date "2023.11.19"]
[Round "2.54"]
[White "Isik, Muhammed Oguz"]
[Black "Norris, Ethan"]
[Result "0-1"]
[WhiteElo "1873"]
[BlackElo "2204"]
[PlyCount "94"]
[EventDate "2023.11.19"]
[WhiteTeam "The MASCeteers"]
[BlackTeam "Greater Woodpushers"]

1. e4 c5 2. Nc3 Nc6 3. Bb5 Nd4 4. Nf3 Nxb5 5. Nxb5 a6 6. Nc3 d6 7. d4 cxd4 8.
Qxd4 e5 9. Qd3 h6 10. O-O Be6 11. Rd1 Nf6 12. h3 Be7 13. a4 Rc8 14. b3 Qc7 15.
Bb2 O-O 16. Rac1 Rfd8 17. Qe3 Qc6 18. Rd3 b5 19. axb5 axb5 20. Ba3 Qb7 21. Bb4
Rc6 22. Ra1 Rd7 23. Ra5 Rxc3 24. Rxc3 Nxe4 25. Rd3 f5 26. Nxe5 dxe5 27. Bxe7
Rxe7 28. Rd8+ Kh7 29. Raa8 Qc7 30. h4 Rd7 31. Rh8+ Kg6 32. h5+ Kxh5 33. Qh3+
Kg6 34. g4 fxg4 35. Qe3 Ng5 36. Qe2 Qc6 37. Rhe8 Nf3+ 38. Kf1 Nd4 39. Rxe6+
Qxe6 40. Qe4+ Nf5 41. Rf8 Rd1+ 42. Ke2 Rd4 43. Qa8 Qd7 44. Qb8 Rd2+ 45. Kf1
Rd1+ 46. Kg2 Qd5+ 47. Kh2 Rh1# 0-1

[Event "4NCL Division Three Bishops"]
[Site "Telford, ENG"]
[Date "2023.11.19"]
[Round "2.55"]
[White "Wong, Chun Hei"]
[Black "Drugan, Mark A"]
[Result "1-0"]
[WhiteElo "2076"]
[BlackElo "1752"]
[PlyCount "75"]
[EventDate "2023.11.19"]
[WhiteTeam "Greater Woodpushers"]
[BlackTeam "The MASCeteers"]

1. d4 Nf6 2. c4 g6 3. Nc3 Bg7 4. e4 d6 5. Be2 O-O 6. Be3 e5 7. d5 a5 8. g4 Na6
9. h4 Ne8 10. h5 g5 11. h6 Bf6 12. Bd3 Nb4 13. Bb1 c5 14. f3 Kh8 15. a3 Na6 16.
Nge2 Rg8 17. Ng3 Nb8 18. Bd3 Nd7 19. Kf2 b6 20. Qe2 Bb7 21. Nf5 Nf8 22. Qd2 Bc8
23. Ng3 Bd7 24. Rab1 Ng6 25. b4 axb4 26. axb4 Be7 27. Rb3 Nf8 28. Qb2 f6 29.
Bd2 Ng6 30. Be2 Nf8 31. Nf5 Ng6 32. bxc5 bxc5 33. Ra1 Rxa1 34. Qxa1 Bxf5 35.
exf5 Nf4 36. Qa7 Nc7 37. Rb7 Qa8 38. Rxc7 1-0

[Event "4NCL Division Three Bishops"]
[Site "Telford, ENG"]
[Date "2023.11.19"]
[Round "2.56"]
[White "Vaidyanathan, Sathya"]
[Black "Zhu, Yaoyao"]
[Result "1/2-1/2"]
[WhiteElo "1695"]
[BlackElo "2068"]
[PlyCount "38"]
[EventDate "2023.11.19"]
[WhiteTeam "The MASCeteers"]
[BlackTeam "Greater Woodpushers"]

1. e4 e5 2. Nf3 Nc6 3. d4 exd4 4. Nxd4 Nf6 5. Nxc6 bxc6 6. Nc3 Bb4 7. Bd3 d5 8.
exd5 O-O 9. O-O cxd5 10. h3 h6 11. Bf4 c6 12. a3 Bd6 13. Bxd6 Qxd6 14. Qf3 Bd7
15. Bf5 Rab8 16. Bxd7 Nxd7 17. b4 Nf6 18. Rfe1 Rfe8 19. Qd3 c5 1/2-1/2

[Event "4NCL Division Three Bishops"]
[Site "Telford, ENG"]
[Date "2023.11.19"]
[Round "2.61"]
[White "Eden, Tomer"]
[Black "Higgie, Charles L"]
[Result "1/2-1/2"]
[WhiteElo "2163"]
[BlackElo "1939"]
[PlyCount "52"]
[EventDate "2023.11.19"]
[WhiteTeam "Barnet Knights B"]
[BlackTeam "Shropshire & Friends"]

1. e4 c5 2. Nc3 Nc6 3. f4 g6 4. Nf3 Bg7 5. Bb5 Nd4 6. O-O a6 7. Bd3 d6 8. Nxd4
Bxd4+ 9. Kh1 e6 10. Qf3 Ne7 11. Ne2 Bg7 12. f5 exf5 13. exf5 Nxf5 14. Bc4 O-O
15. d3 Qc7 16. Nf4 Nd4 17. Qf2 Be6 18. c3 Bxc4 19. dxc4 Nc6 20. Nd5 Qd8 21. Bf4
b5 22. cxb5 axb5 23. a3 Ne5 24. Rad1 c4 25. Nb4 f5 26. Qd2 Nf7 1/2-1/2

[Event "4NCL Division Three Bishops"]
[Site "Telford, ENG"]
[Date "2023.11.19"]
[Round "2.62"]
[White "Taylor, Robert K"]
[Black "Dasgupta, Avyukt"]
[Result "0-1"]
[WhiteElo "1930"]
[BlackElo "2046"]
[PlyCount "84"]
[EventDate "2023.11.19"]
[WhiteTeam "Shropshire & Friends"]
[BlackTeam "Barnet Knights B"]

1. e4 e6 2. d4 d5 3. Nc3 Bb4 4. exd5 exd5 5. Qf3 Qe7+ 6. Nge2 Nc6 7. Be3 Nf6 8.
h3 Bxc3+ 9. bxc3 Ne4 10. g3 O-O 11. Bg2 Na5 12. O-O Nc4 13. Rfe1 Be6 14. Kh2
Qd7 15. Nf4 c6 16. Nd3 f6 17. Nc5 Nxc5 18. dxc5 Bf5 19. Bd4 Bxc2 20. Qe2 Bf5
21. Qe7 Rf7 22. Qxd7 Rxd7 23. g4 Bg6 24. Re2 Bd3 25. Re6 Kf7 26. Rae1 Na3 27.
h4 Nc2 28. Kg3 Bc4 29. a3 Nxa3 30. Rd6 Rad8 31. Ra1 Nb5 32. Rxd7+ Rxd7 33. h5
Rd8 34. Bf1 Bxf1 35. Rxf1 Re8 36. Ra1 Re4 37. f3 Re2 38. Kf4 h6 39. Ra4 Rb2 40.
Kf5 Rb3 41. Ra1 Nxd4+ 42. cxd4 Rxf3# 0-1

[Event "4NCL Division Three Bishops"]
[Site "Telford, ENG"]
[Date "2023.11.19"]
[Round "2.63"]
[White "Sanitt, Ethan"]
[Black "Pugh, Glyn D"]
[Result "1/2-1/2"]
[WhiteElo "2088"]
[BlackElo "1879"]
[PlyCount "36"]
[EventDate "2023.11.19"]
[WhiteTeam "Barnet Knights B"]
[BlackTeam "Shropshire & Friends"]

1. c4 e5 2. Nc3 Nc6 3. g3 f5 4. Nf3 Nf6 5. d4 e4 6. Nh4 d5 7. Bg5 Bb4 8. cxd5
Qxd5 9. Bxf6 gxf6 10. e3 f4 11. gxf4 Be6 12. f5 Bf7 13. Qc2 O-O-O 14. b3 Qa5
15. Rc1 Ba3 16. Rd1 Bb4 17. Rc1 Ba3 18. Rd1 Bb4 1/2-1/2

[Event "4NCL Division Three Bishops"]
[Site "Telford, ENG"]
[Date "2023.11.19"]
[Round "2.64"]
[White "Bryant, Richard B E"]
[Black "Ethelontis, Alexandros N"]
[Result "1/2-1/2"]
[WhiteElo "1841"]
[BlackElo "2060"]
[PlyCount "181"]
[EventDate "2023.11.19"]
[WhiteTeam "Shropshire & Friends"]
[BlackTeam "Barnet Knights B"]

1. e4 e6 2. d4 d5 3. Nd2 c5 4. exd5 Qxd5 5. Ngf3 cxd4 6. Bc4 Qd6 7. O-O Nf6 8.
Nb3 Nc6 9. Nbxd4 Nxd4 10. Nxd4 a6 11. c3 Bd7 12. Qf3 Qc7 13. Bb3 Bd6 14. h3
O-O-O 15. Bg5 Bh2+ 16. Kh1 Be5 17. Qe2 Kb8 18. Nf3 Bd6 19. Rfd1 h6 20. Be3 Bc6
21. Nd4 Bd5 22. c4 Be4 23. Rac1 e5 24. Nf3 Bc5 25. Bxc5 Qxc5 26. Re1 Rhe8 27.
Ba4 Re6 28. Qe3 Qb4 29. Qb3 Qxb3 30. Bxb3 Bxf3 31. gxf3 Rd2 32. c5 Re7 33. Rc2
Rd3 34. Re3 Rd4 35. Kg2 Nd5 36. Bxd5 Rxd5 37. f4 {(=)} e4 38. Kg3 f5 39. f3 Kc7
40. fxe4 fxe4 41. Rce2 Rxc5 42. Rxe4 Rxe4 43. Rxe4 Kd6 44. Re2 Ra5 45. a3 Rd5
46. Kg4 h5+ 47. Kh4 Rf5 48. Rg2 Rxf4+ {(=)} 49. Kxh5 Rf7 50. Kg6 Rf3 51. h4 Rh3
52. h5 Ke7 53. Rg5 Kf8 54. Rf5+ Kg8 55. Rc5 Rg3+ 56. Kf5 Kh7 57. Kf4 Rb3 58.
Rc2 {(=)} Kh6 59. Rg2 Rb5 60. Rg6+ Kh7 61. b4 Rxh5 62. Rb6 Rb5 63. Rd6 g6 64.
Rd3 Rf5+ 65. Kg4 Kh6 66. Rh3+ Kg7 67. Rd3 Rf7 68. Kg5 Rf5+ 69. Kg4 Kh6 70. Rh3+
Rh5 71. Rd3 Rg5+ 72. Kf4 Rg1 73. Rd7 Ra1 74. Rxb7 Rxa3 75. Rb6 Ra4 76. Kg3 Kh5
77. b5 Ra3+ 78. Kg2 a5 79. Rc6 Rb3 80. Rc5+ g5 81. b6 a4 82. Ra5 a3 83. b7 Rb2+
84. Kg3 Rb3+ 85. Kg2 Kh4 86. Rxa3 Rb2+ 87. Kg1 g4 88. Ra2 Rb1+ 89. Kg2 Rxb7 90.
Rc2 Rb4 91. Ra2 1/2-1/2

[Event "4NCL Division Three Bishops"]
[Site "Telford, ENG"]
[Date "2023.11.19"]
[Round "2.65"]
[White "Robinson, James"]
[Black "Bailey, Adrian"]
[Result "1/2-1/2"]
[WhiteElo "1867"]
[BlackElo "1781"]
[PlyCount "60"]
[EventDate "2023.11.19"]
[WhiteTeam "Barnet Knights B"]
[BlackTeam "Shropshire & Friends"]

1. d4 Nf6 2. Nf3 g6 3. b3 Bg7 4. Bb2 d5 5. e3 O-O 6. Be2 b6 7. Nbd2 Bb7 8. O-O
Nbd7 9. h3 c5 10. c3 Ne4 11. Nxe4 dxe4 12. Nd2 e5 13. Nc4 exd4 14. cxd4 Qc7 15.
Rc1 Rfd8 16. Na3 Rac8 17. Qc2 Qb8 18. Qd2 Nf6 19. Rfd1 cxd4 20. Bxd4 Rxc1 21.
Qxc1 Ne8 22. Bxg7 Nxg7 23. Rxd8+ Qxd8 24. Qd1 Qxd1+ 25. Bxd1 Ba6 26. Nc2 Ne6
27. Nb4 Bb7 28. Be2 Nc5 29. Kf1 a5 30. Nc2 Kf8 1/2-1/2

[Event "4NCL Division Three Bishops"]
[Site "Telford, ENG"]
[Date "2023.11.19"]
[Round "2.66"]
[White "Slegg, Gary"]
[Black "Bloom, Paul"]
[Result "1/2-1/2"]
[WhiteElo "1603"]
[BlackElo "1750"]
[PlyCount "66"]
[EventDate "2023.11.19"]
[WhiteTeam "Shropshire & Friends"]
[BlackTeam "Barnet Knights B"]

1. e4 c5 2. d4 cxd4 3. c3 dxc3 4. Nxc3 Nc6 5. Nf3 Nf6 6. Bc4 e6 7. Qe2 d6 8.
O-O Be7 9. Rd1 Nd7 10. Nb5 Nde5 11. Nxe5 Nxe5 12. Bf4 Qb6 13. Be3 Qd8 14. Nxd6+
Bxd6 15. Bb5+ Ke7 16. Bc5 Bxc5 17. Rxd8 Rxd8 18. Qh5 Bd4 19. Qg5+ f6 20. Qxg7+
Nf7 21. Rc1 Bb6 22. e5 fxe5 23. Qxh7 Bd7 24. Qh4+ Kf8 25. Qb4+ Kg7 26. Qg4+ Kf8
27. Bxd7 Rxd7 28. Qxe6 Rad8 29. g3 Rd2 30. Rc8 Rxf2 31. Rxd8+ Nxd8 32. Qxb6
axb6 33. Kxf2 Ne6 1/2-1/2

[Event "4NCL Division Three Bishops"]
[Site "Telford, ENG"]
[Date "2024.01.06"]
[Round "3.11"]
[White "Okhai, Shabir"]
[Black "Grillage, Andrew"]
[Result "1-0"]
[WhiteElo "2114"]
[BlackElo "1996"]
[PlyCount "59"]
[EventDate "2024.01.06"]
[WhiteTeam "The Rookies"]
[BlackTeam "Shropshire & Friends"]

1. e4 d5 2. exd5 Qxd5 3. Nc3 Qd8 4. d4 Nf6 5. Nf3 Bg4 6. h3 Bxf3 7. Qxf3 c6 8.
Be3 e6 9. Bd3 Nbd7 10. g4 Bb4 11. O-O Nf8 12. g5 Nd5 13. Nxd5 Qxd5 14. Be4 Qd7
15. a4 Ng6 16. a5 a6 17. c3 Bd6 18. Qg4 h6 19. Bxg6 fxg6 20. gxh6 O-O-O 21.
hxg7 Qxg7 22. Qxe6+ Rd7 23. Bg5 Rh5 24. f4 Kc7 25. Rae1 Rf7 26. Kg2 Qh7 27. Re3
Rxg5+ 28. fxg5 Re7 29. Qb3 Rxe3 30. Rf7+ 1-0

[Event "4NCL Division Three Bishops"]
[Site "Telford, ENG"]
[Date "2024.01.06"]
[Round "3.12"]
[White "Higgie, Charles L"]
[Black "Byron, Alan M"]
[Result "0-1"]
[WhiteElo "1930"]
[BlackElo "2134"]
[PlyCount "78"]
[EventDate "2024.01.06"]
[WhiteTeam "Shropshire & Friends"]
[BlackTeam "The Rookies"]

1. d4 Nf6 2. c4 e6 3. Nf3 d5 4. Nc3 Be7 5. Bg5 h6 6. Bh4 O-O 7. e3 b6 8. Bxf6
Bxf6 9. cxd5 exd5 10. Rc1 Be6 11. Be2 c6 12. O-O Qd6 13. e4 Qb4 14. e5 Bd8 15.
Qc2 Nd7 16. a3 Qe7 17. Rfd1 f6 18. Nh4 fxe5 19. Ng6 Qf6 20. Nxf8 Qxf8 21. Bf3
Bg5 22. Ra1 exd4 23. Rxd4 Ne5 24. Bh5 Qf6 25. Re1 Nc4 26. Rdd1 Qf5 27. Qxf5
Bxf5 28. Re2 Bf6 29. Rc1 Kf8 30. Bf3 Rd8 31. b3 Ne5 32. b4 Nd3 33. Rcc2 Nf4 34.
Red2 Bxc2 35. Rxc2 Nd3 36. Kf1 Ne5 37. Bd1 Nc4 38. a4 Re8 39. b5 Bxc3 0-1

[Event "4NCL Division Three Bishops"]
[Site "Telford, ENG"]
[Date "2024.01.06"]
[Round "3.13"]
[White "Burrows, Martin P"]
[Black "Pugh, Glyn D"]
[Result "1/2-1/2"]
[WhiteElo "2160"]
[BlackElo "1892"]
[PlyCount "103"]
[EventDate "2024.01.06"]
[WhiteTeam "The Rookies"]
[BlackTeam "Shropshire & Friends"]

1. e4 d5 2. exd5 Qxd5 3. Nc3 Qa5 4. d4 Nf6 5. Nf3 Bf5 6. Bc4 c6 7. Bd2 Nbd7 8.
Qe2 Qc7 9. O-O-O e6 10. Nh4 Bg6 11. Nxg6 hxg6 12. g3 O-O-O 13. Bb3 Rh5 14. h4
Nb6 15. Bg5 Be7 16. Kb1 Nfd5 17. Nxd5 Nxd5 18. Bc1 Bf6 19. Rhe1 Qd7 20. c3 Rdh8
21. Qg4 Rd8 22. Bc2 Kb8 23. Qe2 Ka8 24. Be4 Nb6 25. Bf3 Rb5 26. Ka1 Ra5 27. Bd2
Ra4 28. Be4 Ra5 29. Kb1 Rh5 30. Bf3 Rb5 31. Ka1 Ra5 32. Bf4 Nd5 33. Be5 Qe7 34.
Qc2 Nb6 35. Bf4 g5 36. hxg5 Bxg5 37. Bxg5 Rxg5 38. Rh1 Nd7 39. Bg2 Nf6 40. Qe2
Qc7 41. Rh3 Ra5 42. Rdh1 a6 43. Rh8 Ka7 44. Bf3 Qc8 45. R8h4 Qc7 46. Qe3 Nd5
47. Bxd5 cxd5 48. Rh7 Rg8 49. a3 Qc4 50. Qd2 Rb5 51. Qc2 Rb6 52. Rd1 1/2-1/2

[Event "4NCL Division Three Bishops"]
[Site "Telford, ENG"]
[Date "2024.01.06"]
[Round "3.14"]
[White "Bryant, Richard B E"]
[Black "Jaszkiwskyj, Peter"]
[Result "1/2-1/2"]
[WhiteElo "1852"]
[BlackElo "1965"]
[PlyCount "107"]
[EventDate "2024.01.06"]
[WhiteTeam "Shropshire & Friends"]
[BlackTeam "The Rookies"]

1. e4 e6 2. d4 d5 3. Nd2 Nf6 4. e5 Nfd7 5. Bd3 c5 6. c3 Nc6 7. Ne2 cxd4 8. cxd4
f6 9. f4 Be7 10. Nf3 Qb6 11. Qb3 O-O 12. Be3 fxe5 13. Qxb6 Nxb6 14. fxe5 Nb4
15. Bb1 Nc4 16. Bc1 b5 17. a3 Nc6 18. b3 N4a5 19. Bc2 Bd7 20. Be3 Rac8 21. Kd2
Be8 22. Nf4 Nd8 23. h4 Bd7 24. Rhb1 Nf7 25. Nd3 Nh6 26. Nc5 Bxc5 27. dxc5 Ng4
28. Bg1 a6 29. Re1 Rf4 30. Ng5 h6 31. Nh3 Rff8 32. Bd1 h5 33. Ng5 Rf4 34. Nf3
Rcf8 35. Bc2 Kf7 36. Kc3 Ke7 37. Rad1 Bc6 38. Rd4 Bd7 39. Rd2 Be8 40. Kb2 Bd7
41. c6 Nxc6 42. Bc5+ Ke8 43. Bxf8 Kxf8 44. Rde2 Be8 45. Ng5 Ke7 46. g3 Rf8 47.
Bd1 Rf5 48. Bc2 Rf8 49. Kc3 Kd7 50. Bd3 Ke7 51. b4 Nf2 52. Bc2 Ng4 53. Bd3 Nf2
54. Bc2 1/2-1/2

[Event "4NCL Division Three Bishops"]
[Site "Telford, ENG"]
[Date "2024.01.06"]
[Round "3.15"]
[White "Pyun, Lindsay"]
[Black "Bailey, Adrian"]
[Result "1/2-1/2"]
[WhiteElo "1894"]
[BlackElo "1785"]
[PlyCount "100"]
[EventDate "2024.01.06"]
[WhiteTeam "The Rookies"]
[BlackTeam "Shropshire & Friends"]

1. e4 e5 2. Nf3 Nf6 3. Nxe5 d6 4. Nf3 Nxe4 5. d4 Be7 6. Bd3 d5 7. Nbd2 Nf6 8.
Nf1 O-O 9. Ng3 c5 10. c3 Nc6 11. h3 cxd4 12. Nxd4 Nxd4 13. cxd4 Bb4+ 14. Bd2
Re8+ 15. Ne2 Qa5 16. a3 Bxd2+ 17. Qxd2 Qxd2+ 18. Kxd2 Bd7 19. Rhc1 Bc6 20. b4
Ne4+ 21. Ke1 Nd6 22. Kf1 Rac8 23. Nc3 a6 24. a4 Nc4 25. Rc2 b5 26. axb5 axb5
27. Ra6 Red8 28. Ra7 g6 29. Re2 Ra8 30. Rxa8 Rxa8 31. Ra2 Rxa2 32. Nxa2 Nd6 33.
Nc3 Kf8 34. Ke2 Ke7 35. Kf3 Kf6 36. g4 h6 37. Kg3 g5 38. Kf3 Ke7 39. Ke3 Kf6
40. f3 Ke7 41. f4 Kf6 42. f5 Kg7 43. Bf1 Kf6 44. Bg2 Nc4+ 45. Kd3 Nb6 46. Kc2
Ke7 47. Bf1 Nc4 48. Kd3 Kd6 49. Bg2 Nb6 50. Bf1 Nc4 1/2-1/2

[Event "4NCL Division Three Bishops"]
[Site "Telford, ENG"]
[Date "2024.01.06"]
[Round "3.16"]
[White "Slegg, Gary"]
[Black "Gibson, Christopher A"]
[Result "0-1"]
[WhiteElo "1589"]
[BlackElo "1901"]
[PlyCount "82"]
[EventDate "2024.01.06"]
[WhiteTeam "Shropshire & Friends"]
[BlackTeam "The Rookies"]

1. e4 c5 2. d4 cxd4 3. c3 dxc3 4. Nxc3 Nc6 5. Nf3 e6 6. Bc4 a6 7. a3 Nge7 8.
O-O Ng6 9. Qe2 Qc7 10. Nd5 exd5 11. exd5+ Be7 12. dxc6 dxc6 13. Ng5 O-O 14.
Nxh7 Kxh7 15. Qh5+ Kg8 16. Qxg6 Qd6 17. Qxd6 Bxd6 18. Rd1 Be5 19. Rb1 Bf5 20.
Ra1 Rad8 21. Bb3 Rxd1+ 22. Bxd1 Re8 23. Be3 Bxb2 24. Ra2 Bd4 25. g4 Bb1 26. Re2
Bd3 27. Rd2 Rxe3 28. fxe3 Bxe3+ 29. Rf2 Be4 30. Kf1 Bxf2 31. Kxf2 Kf8 32. Ke3
Bd5 33. Kd4 b6 34. Be2 a5 35. Ke5 Ke7 36. h4 f6+ 37. Kf5 Bf7 38. h5 b5 39. g5
fxg5 40. Kxg5 a4 41. Kf5 b4 0-1

[Event "4NCL Division Three Bishops"]
[Site "Telford, ENG"]
[Date "2024.01.06"]
[Round "3.21"]
[White "Salmons, Calum"]
[Black "Hazlehurst, Cory S"]
[Result "1-0"]
[WhiteElo "1974"]
[BlackElo "2116"]
[PlyCount "129"]
[EventDate "2024.01.06"]
[WhiteTeam "Sussex Martlets 3"]
[BlackTeam "The MASCeteers"]

1. d4 Nf6 2. Bf4 c5 3. e3 cxd4 4. exd4 d5 5. Nf3 Nc6 6. c3 Bg4 7. Qb3 Qc8 8.
Ne5 e6 9. Bb5 a6 10. Bxc6+ bxc6 11. Qa4 Bd6 12. Bg5 Bf5 13. Qxc6+ Qxc6 14. Nxc6
Nd7 15. Nd2 Rc8 16. Na5 O-O 17. Nb7 Bc7 18. b4 f6 19. Be3 e5 20. O-O Bd3 21.
Rfc1 e4 22. Nb3 f5 23. N7c5 Nxc5 24. Nxc5 f4 25. Bd2 Bc4 26. g3 e3 27. Be1 fxg3
28. hxg3 Rce8 29. Rc2 Rf3 30. Kg2 Rf6 31. fxe3 Rxe3 32. Bf2 Re2 33. Rxe2 Bxe2
34. Re1 Bf3+ 35. Kf1 Rh6 36. Re3 Bg4 37. Re8+ Kf7 38. Ra8 Bf5 39. Ra7 Rc6 40.
a4 Kg6 41. b5 axb5 42. axb5 Bb8 43. Rxg7+ Kxg7 44. bxc6 Kf7 45. Ke2 Ke7 46. Kf3
Bd6 47. g4 Bc8 48. Bh4+ Kf7 49. Na4 Ke6 50. Nb6 Ba6 51. Bd8 Ba3 52. c7 Bb2 53.
c8=Q+ Bxc8 54. Nxc8 Kd7 55. Nb6+ Kxd8 56. Nxd5 Ke8 57. Ke4 Kf7 58. Ke5 Ba3 59.
c4 h6 60. Ne3 Bc1 61. Nf5 Kg6 62. c5 Kg5 63. c6 Kxg4 64. Ke6 Bf4 65. Nd6 1-0

[Event "4NCL Division Three Bishops"]
[Site "Telford, ENG"]
[Date "2024.01.06"]
[Round "3.22"]
[White "Duncan, Patrick C M"]
[Black "Higgs, Anthony R J"]
[Result "1-0"]
[WhiteElo "2099"]
[BlackElo "1946"]
[PlyCount "81"]
[EventDate "2024.01.06"]
[WhiteTeam "The MASCeteers"]
[BlackTeam "Sussex Martlets 3"]

1. b3 e5 2. Bb2 Nc6 3. e3 d6 4. Nf3 Nf6 5. d4 exd4 6. Nxd4 Be7 7. Nxc6 bxc6 8.
Bd3 Bg4 9. Qd2 Qd7 10. O-O O-O 11. c4 Rfe8 12. Nc3 d5 13. cxd5 cxd5 14. Rac1
Rab8 15. Na4 Bd6 16. Bxf6 gxf6 17. Nc5 Qe7 18. Qc3 f5 19. g3 Be5 20. Qd2 Rb6
21. Be2 Bh3 22. Rfd1 f4 23. exf4 Bxf4 24. Qxf4 Qxe2 25. Qh4 Rc6 26. Qxh3 Rxc5
27. Rxc5 Qxd1+ 28. Kg2 Re1 29. Qf5 Rg1+ 30. Kh3 Qf1+ 31. Kg4 Qd1+ 32. Kh3 Qf1+
33. Kh4 Rg2 34. h3 Qxf2 35. Qg5+ Kf8 36. Qd8+ Kg7 37. Qg5+ Kf8 38. Rxd5 f6 39.
Rf5 Qd4+ 40. Rf4 Rxg3 41. Qh6+ 1-0

[Event "4NCL Division Three Bishops"]
[Site "Telford, ENG"]
[Date "2024.01.06"]
[Round "3.23"]
[White "Honarvarmahalati, Hooman"]
[Black "Hurney, Kevin"]
[Result "1/2-1/2"]
[WhiteElo "1852"]
[BlackElo "2039"]
[PlyCount "103"]
[EventDate "2024.01.06"]
[WhiteTeam "Sussex Martlets 3"]
[BlackTeam "The MASCeteers"]

1. Nf3 Nf6 2. c4 c5 3. g3 Nc6 4. Nc3 g6 5. Bg2 Bg7 6. d4 cxd4 7. Nxd4 O-O 8.
O-O Nxd4 9. Qxd4 d6 10. Qd3 Qc7 11. Nb5 Qb8 12. Be3 a6 13. Nc3 Bf5 14. Qd2 Qc7
15. Rfc1 Rac8 16. Na4 Ng4 17. Bd4 Bxd4 18. Qxd4 Nf6 19. Qb6 Bd7 20. Qxc7 Rxc7
21. Nb6 Bc6 22. Rc3 Bxg2 23. Kxg2 e6 24. Rd1 Rc6 25. Rb3 Rd8 26. Kf3 Kf8 27. g4
h6 28. h4 Ke7 29. Rb4 h5 30. gxh5 Nxh5 31. Na4 Rc7 32. b3 Nf6 33. e4 Rh8 34.
Rb6 Rxh4 35. Rbxd6 Nxe4 36. Rd8 b5 37. Nb6 g5 38. Ke3 bxc4 39. R1d7+ Rxd7 40.
Rxd7+ Kf6 41. Nxc4 Nc3 42. Nd6 Nxa2 43. Rxf7+ Ke5 44. Nc4+ Kd5 45. Rg7 g4 46.
Rg5+ Kc6 47. Ne5+ Kd6 48. Nxg4 Nc1 49. Nf6 Rb4 50. Ne4+ Kd7 51. Nc5+ Kd6 52.
Nxa6 1/2-1/2

[Event "4NCL Division Three Bishops"]
[Site "Telford, ENG"]
[Date "2024.01.06"]
[Round "3.24"]
[White "Vaidyanathan, Sathya"]
[Black "Wannasin Bell, Charlie"]
[Result "1-0"]
[WhiteElo "1824"]
[BlackElo "1498"]
[PlyCount "97"]
[EventDate "2024.01.06"]
[WhiteTeam "The MASCeteers"]
[BlackTeam "Sussex Martlets 3"]

1. e4 d6 2. d4 Nf6 3. Bd3 g6 4. c3 Bg7 5. Nf3 O-O 6. O-O Bg4 7. h3 Bxf3 8. Qxf3
c6 9. Na3 Nbd7 10. Qe2 e5 11. dxe5 dxe5 12. Be3 b5 13. b4 a5 14. Nc2 Qc7 15. f3
Nh5 16. Qf2 Nf4 17. Rfd1 Rfc8 18. a3 axb4 19. cxb4 Ra4 20. Bf1 Ne6 21. Rdc1 Qb7
22. Qe2 Nd4 23. Qd3 Rca8 24. Nxd4 exd4 25. Bxd4 Bxd4+ 26. Qxd4 Rxa3 27. Rxa3
Rxa3 28. Rd1 Qa7 29. Kh1 Qxd4 30. Rxd4 Ra1 31. Rxd7 Rxf1+ 32. Kh2 Rc1 33. Kg3
Rc4 34. Rd6 Kf8 35. Kf4 Rxb4 36. Rxc6 Rb2 37. g4 b4 38. Rb6 Rb1 39. Rb7 Kg7 40.
e5 Rb3 41. e6 Rb1 42. Rxf7+ Kg8 43. Kg5 Re1 44. Kf6 Rf1 45. Rg7+ Kh8 46. Rb7
Rxf3+ 47. Ke7 b3 48. Ke8 Re3 49. e7 1-0

[Event "4NCL Division Three Bishops"]
[Site "Telford, ENG"]
[Date "2024.01.06"]
[Round "3.25"]
[White "Woods, Timothy J"]
[Black "Dos Santos Silva, Bruno Alexandre"]
[Result "1/2-1/2"]
[WhiteElo "1537"]
[BlackElo "1821"]
[PlyCount "33"]
[EventDate "2024.01.06"]
[WhiteTeam "Sussex Martlets 3"]
[BlackTeam "The MASCeteers"]

1. e4 c5 2. Nf3 d6 3. d4 cxd4 4. Nxd4 Nf6 5. Nc3 g6 6. Be3 Bg7 7. f3 O-O 8. Qd2
Nc6 9. Bc4 Nxd4 10. Bxd4 Be6 11. Bb3 Qa5 12. O-O Rac8 13. Rfd1 Nd7 14. Bxg7
Kxg7 15. Nd5 Qxd2 16. Rxd2 Bxd5 17. Bxd5 1/2-1/2

[Event "4NCL Division Three Bishops"]
[Site "Telford, ENG"]
[Date "2024.01.06"]
[Round "3.26"]
[White "Walner, Milenko"]
[Black "Finlay, Liam"]
[Result "1-0"]
[WhiteElo "1786"]
[BlackElo "1451"]
[PlyCount "73"]
[EventDate "2024.01.06"]
[WhiteTeam "The MASCeteers"]
[BlackTeam "Sussex Martlets 3"]

1. e4 c5 2. d4 cxd4 3. c3 dxc3 4. Nxc3 Nc6 5. Nf3 g6 6. Bc4 Bg7 7. Qe2 e6 8.
Nb5 d6 9. Be3 Ne5 10. Nxe5 dxe5 11. Rd1 Qa5+ 12. Bd2 Qb6 13. Bb4 Ne7 14. O-O a6
15. Qe3 Qc6 16. Nd6+ Kf8 17. Nf5 Bd7 18. Nxe7 Qxc4 19. Nxg6+ Ke8 20. Nxh8 Bxh8
21. Qg5 Qxb4 22. Qg8+ Qf8 23. Qxf8+ Kxf8 24. Rxd7 b5 25. Rfd1 Bf6 26. Rc7 Bd8
27. Rcd7 Ke8 28. g3 Bb6 29. b3 Rc8 30. R1d2 Ba5 31. R2d3 Rc2 32. Rb7 Be1 33.
Rf3 Rxa2 34. Rfxf7 h6 35. Rh7 Bxf2+ 36. Kf1 Bc5 37. Rb8# 1-0